000 00611nam a2200241Ia 4500
003 OSt
005 20220918221946.0
006 a|||||r|||| 00| 0
007 ta
008 220917b |||||||| |||| 00| 0 eng d
024 _a213,540
037 _cTextual
040 _aARTS
_cARTS
_beng
041 _2eng
_aeng
082 _a4, P3
100 _aDesai Amit
_9141786
245 0 _aJournalism and mass communication
260 _aNew Delhi
_bReference press
_c2003
300 _a301 p
_ccm.
650 _aJOUNRALISM
_93876
942 _h4, P3
_cTEXL
_2CC
999 _c274075
_d274075